000 00682nam a2200217Ia 4500
001 16635
003 GE_BSU
008 181216s||||||||xx |||||||||||||| ||und||
040 _cGE_BSU
080 _a821.353.1-1
100 _aმამფორია, ოთარ
245 _aრჩეული. [ლექსები]
245 _cრედ.ლ.ნანიტაშვილი. მხ.დ.დუნდუა
260 _aთბილისი
260 _bსაბჭ. საქართველო
260 _c1983
300 _a367გვ. : 1ფ. პორტრ. ; 20სმ.
653 _aლექსები
653 _aრჩეული
942 _cBK
999 _c49701
_d49701